|
|
|
|
| LEADER |
00000cas a2200000 a 4500 |
| 001 |
vtls010298358 |
| 003 |
SK-MaSNL |
| 005 |
20260228162935.0 |
| 008 |
110809d19221923xo sr|n 0 b0slo |
| 040 |
|
|
|a SNK
|b slo
|c SNK
|e AACR2
|
| 041 |
0 |
|
|a slo
|
| 044 |
|
|
|a xo
|c SK
|
| 072 |
|
7 |
|a 316.7
|x Sociológia kultúry. Kultúrny život
|2 konspekt
|
| 080 |
|
|
|a 316.728
|2 2011
|
| 080 |
|
|
|a 050
|2 2001
|
| 080 |
|
|
|a (051)+(054)(437.6)
|2 2011
|
| 245 |
0 |
0 |
|a Pohraničný posol
|b časopis pre slovenský pohraničný kraj
|
| 260 |
|
|
|a Lučenec
|b Vydavateľské konsorcium
|c 1922-1923
|
| 300 |
|
|
|a 2 zv.
|c 32-42 cm
|
| 310 |
|
|
|a 2x mesačne
|
| 362 |
0 |
|
|a Roč. I, č. 1 (27.6.1922)-roč. II, č. 1 (11.1.1923)
|
| 500 |
|
|
|a Od 2/1922 rozmer zv. 42 cm
|
| 500 |
|
|
|a Zodp. red.: Ľudovít Pánik
|
| 500 |
|
|
|a Tlač.: Kníhtlačiareň Gutenberg
|
| 650 |
0 |
7 |
|a spoločenský život
|2 SNKPH
|9 28654
|
| 655 |
|
7 |
|a regionálne periodiká
|2 SNKPH
|9 131775
|
| 700 |
1 |
|
|a Pánik, Ľudovít
|4 Iso
|9 272566
|
| 910 |
|
|
|a snk
|
| 999 |
|
|
|c 8604
|d 10534
|
| 952 |
|
|
|0 0
|1 0
|4 0
|7 0
|8 5
|a SNK
|b SNK
|d 2003-07-10
|i snkF 568/78
|l 0
|o snkČSA 970/2/1923
|p 17A0388950
|r 2005-01-02 00:00:00
|w 2026-02-21
|y PREZ
|
| 952 |
|
|
|0 0
|1 0
|4 0
|7 0
|a SNK
|b SNK
|d 1997-07-30
|l 0
|o snkČSA 970/1/1922
|p 17A0087087
|r 2005-01-02 00:00:00
|w 2026-02-21
|y PREZ
|